| 000 | 00618nam a22001697a 4500 | ||
|---|---|---|---|
| 003 | NUST | ||
| 038 | _aNusrat Nadeem | ||
| 082 | _a200 | ||
| 100 |
_aNasir, Jehanzeb _9125532 |
||
| 245 |
_aEvaluation of Pumped Storage Hydropower and its integration with Variable Renewable Energy Generation in National Grid of Pakistan / _cJehanzeb Nasir, |
||
| 264 |
_aIslamabad; _bUSPCAS-E NUST; _c2024. |
||
| 300 |
_a212,p; _bill; _c30,cm. |
||
| 650 |
_aPhD-Energy Systems Engineering _9123158 |
||
| 700 |
_aSupervisor: Dr. Majid Ali _9116940 |
||
| 856 | _u http://10.250.8.41:8080/xmlui/handle/123456789/44746 | ||
| 942 |
_2ddc _cSC |
||
| 999 |
_c611270 _d611270 |
||